000 01470cam a22004454i 4500
003 PE-LiUPU
005 20250731165534.0
008 150625s r 000 0 d
035 _a(Sirsi) a31805
035 _a(Sirsi) a31805
040 _aPE-LiUPU
_bspa
_cPE-LiUPU
_erda
082 0 4 _a703
_bP59
_221
100 1 _aPiper, David,
_eautor.
245 1 0 _aGrandes tradiciones :
_bla pintura y la escultuta desde la prehistoira hasta el siglo XVI.
_n1 /
_cDavid Piper.
264 1 _a
336 _atext
_2rdacontent
337 _aunmediated
_2rdamedia
338 _avolume
_2rdacarrier
490 0 _aEl gran tesoro del arte universal
526 _aSEG44
526 _aSEG26
526 _aP151
526 _aP150
526 _aP149
526 _aP146
526 _aP145
526 _aP126
526 _aP125
526 _aP92
526 _aP75
526 _aP74
526 _aP27
526 _aP15
942 _2ddc
_cBOOK
949 _aRC 703 P59 1
_wDEWEY
_c1
_i24989
_lRC
_mBUL
_r0
_sY
_tBOOK
_u2015-6-25
_xBIBLIOTECA
_zUNKNOWN
_0COMPRA
_o.CIRCNOTE. No olvidar cambiar la fecha de devolución!!!!!!!
_o.STAFF. Colección General
994 _aC0
_bPEPRU
596 _a1
999 _aRC 703 P59 1
_wDEWEY
_c39394
_i24989
_f2021-11-8
_g7
_lRCG
_mBUL
_r1
_sY
_tBOOK
_u2015-6-25
_xBIBLIOTECA
_zUNKNOWN
_0COMPRA
_o.CIRCNOTE. No olvidar cambiar la fecha de devolución!!!!!!!
_o.STAFF. Colección General
_d39394
980 _81
_gALBERTO SANCHEZ Responsable de Automatización